• 首页
  • 本馆介绍
  • 公告通知
  • 最新文献
  • 馆藏检索
  • 电子资源
  • 读者导购
  • 参考咨询
  • 我的图书馆
  • 登录
  • 详细信息显示
  • 放入我的书架
  • 预约/预借图书
  • 作者相关作品
  • 分类相关作品
  • 丛书相关作品
  • 出版社相关作品

书目信息

  • 表格格式
  • 工作单格式
  • 卡片格式
题名:
高级财务会计
    
 
作者: 徐文丽 著
分册:  
出版信息: 上海   立信会计出版社  2001
页数: 195页
开本: 20cm
丛书名: 新编经济学教程系列
单 册:
中图分类: F234.4
科图分类:
主题词: 财务会计
电子资源:
ISBN: 7-5429-0863-4
000 00680nam0 2200229 45
001 0312011426
005 20031219104123.1
010    @a7-5429-0863-4@dCNY11.40
100    @a20031201d2001 km y0chiy0120 ea
101 0  @achi
105    @a z 000yy
200 1  @a高级财务会计@AGao Ji Cai Wu Kuai Ji@e习题与解答@EXi Ti Yu Jie Da@f徐文丽著@FXu Wen Li Zhu
210    @a上海@c立信会计出版社@d2001
215    @a195页@d20cm
225    @a新编经济学教程系列
410    @12001 @a新编经济学教程系列
517    @a习题与解答@AXi Ti Yu Jie Da
606 0  @a财务会计
690    @aF234.4@v4
701  0 @a徐文丽@4著
801    @aCN@bTSTC@c20031216
905    @b330238-241@dF234.4@e130=2(+)@f4
    
    高级财务会计:习题与解答/徐文丽著.-上海:立信会计出版社,2001
    195页;20cm.-(新编经济学教程系列)
    
    
    ISBN 7-5429-0863-4:CNY11.40
    
●
相关链接 在E读中查询图书 在五车中查询图书 在当当中查询图书 在豆瓣中查询图书


正题名:高级财务会计     索取号:F234.4/130=2(+)         预约/预借

序号 登录号 条形码 馆藏地/架位号 状态 备注
1 0330238   203302381   第一借阅区/ [索取号:F234.4/130=2(+)] 在馆    
2 0330239   203302390   第一借阅区/ [索取号:F234.4/130=2(+)] 在馆    
3 0330240   203302407   第一借阅区/ [索取号:F234.4/130=2(+)] 在馆    
4 0330241   203302416   第一样本阅览室/ [索取号:F234.4/130=2(+)] 在馆    
唐山师范学院图书馆 欢迎您!
大连网信软件有限公司© 版权所有